Poradca podnikateľa 11/93 : Bytový zákon. Podnikanie na Ukrajine. Zmluva o dielo

Gespeichert in:
Bibliographische Detailangaben
Format: Buch
Sprache:Slowakisch
Veröffentlicht: Žilina : Poradca podnikateľa, spol.s.r.o., 1993
Tags: Tag hinzufügen
Keine Tags, Fügen Sie das erste Tag hinzu!

MARC

LEADER 00000nam a22000003a 4500
001 stu21984
005 20150408175757.5
008 931208s1993----cs------------------slo-d
040 |a STU  |b slo 
041 0 |a slo 
044 |a cs 
080 |a 347.231 
245 |a Poradca podnikateľa 11/93 :  |b Bytový zákon. Podnikanie na Ukrajine. Zmluva o dielo 
260 |a Žilina :  |b Poradca podnikateľa, spol.s.r.o.,  |c 1993 
300 |a 176 s 
996 |b C92249  |c C*92249  |l CCXIV  |s P  |a 0  |w stu21984_0001